IAPSM'S Textbook of Community Medicine/ (Record no. 1814)

MARC details
000 -LEADER
Fixed length control field 00609nam a2200217Ia 4500
003 - CONTROL NUMBER IDENTIFIER
Control field IIN
005 - DATE AND TIME OF LATEST TRANSACTION
Control field 20250519113050.0
008 - FIXED-LENGTH DATA ELEMENTS--GENERAL INFORMATION
Fixed length control field 250519s2024 xx ad 001 0 eng d
020 ## - INTERNATIONAL STANDARD BOOK NUMBER / ISBN
Price Rs.1750.00
International Standard Book Number 9789356967359
040 ## - CATALOGING SOURCE
Original cataloging agency IIN
Language of cataloging English
082 ## - DEWEY DECIMAL CLASSIFICATION NUMBER
Classification number 362.10425
Book Number KAD
245 1# - TITLE STATEMENT
Title IAPSM'S Textbook of Community Medicine/
Statement of responsibility edited by A M Kadri
250 ## - EDITION STATEMENT
Edition statement 3rd ed
260 ## - IMPRINT
Name of publisher Jaypee
Place of publication New Delhi
Date of publication 2024
300 ## - PHYSICAL DESCRIPTION
Page / Vol. No xxvii, 1120p.
Accompanying material ; 3 plate,
Other physical details col. ill.
500 ## - GENERAL NOTE
General note Includes Index
650 1# - SUBJECT ADDED ENTRY--TOPICAL TERM
Topical term Community Health Nursing
650 1# - SUBJECT ADDED ENTRY--TOPICAL TERM
Topical term Community Medicine
700 ## - ADDED ENTRY--PERSONAL NAME
Personal name Kadri, A. M. (ed.)
942 ## - ADDED ENTRY ELEMENTS (KOHA)
Koha item type Books
Holdings
Withdrawn status Lost status Source of classification Damaged status Not for loan Collection code Home library Current library Shelving location Date acquired Price Total Checkouts Call number Accession number Date last seen Price effective from Koha item type
    Dewey Decimal Classification     Purches Book IDEAL INSTITUTE OF NURSING IDEAL INSTITUTE OF NURSING General Stacks 11/03/2025 1750.00   362.10425 KAD 2022 19/05/2025 19/05/2025 Books
© Ideal Institute Of Nursing, All rights reserved.         Powered by Koha